[Event "Druzynowe Mistrzostwa Polski - II liga"]
[Site "Dom Wczasowy VIS Jastrzebia Gora"]
[Date "1899-12-30"]
[Round "4.120"]
[White "Dzhuguryan, Tygran"]
[Black "Balinski, Damian"]
[Result "1-0"]
[WhiteTitle "k+"]
[BlackTitle "k"]
[WhiteElo "2177"]
[BlackElo "2188"]

1. d4 f5 2. c4 Nf6 3. Nc3 d6 4. Nf3 g6 5. b4 Bg7 6. Bb2 O-O 7. e3 c6 8. Qb3 Qe8
9. Rd1 h6 10. Be2 e5 11. dxe5 dxe5 12. O-O e4 13. Nd4 Na6 14. c5+ Kh8 15. Na4
Nc7 16. Bc4 Bd7 17. Ne2 Ncd5 18. Nec3 Be6 19. Nxd5 Nxd5 20. Bxg7+ Kxg7 21. Nc3
Nxc3 22. Qxc3+ Kh7 23. Rd6 Bxc4 24. Qxc4 Rc8 25. Qd4 Rc7 26. Rd1 Qe7 27. g3 a6
28. h4 h5 29. Rd2 Rf7 30. Kf1 Rf8 31. Ke1 Rf7 32. Kd1 Rg7 33. Kc1 Qf7 34. Kb2
Re7 35. Kc3 Qg8 36. Qf6 Rgf7 37. Qd4 Rg7 38. Rd8 Qf7 39. Kb2 Rg8 40. Rd6 Rg7 41.
Ka3 Qg8 1-0

[Event "Druzynowe Mistrzostwa Polski - II liga"]
[Site "Dom Wczasowy VIS Jastrzebia Gora"]
[Date "1899-12-30"]
[Round "4.121"]
[White "Zerebiec, Maurycy"]
[Black "Korbal, Arkadiusz"]
[Result "1/2-1/2"]
[WhiteTitle "I++"]
[BlackTitle "k++"]
[WhiteElo "1885"]
[BlackElo "2034"]

1. c4 e6 2. Nc3 c5 3. g3 Nc6 4. Bg2 g6 5. Nf3 Bg7 6. d4 cxd4 7. Nb5 d5 8. cxd5
Qa5+ 9. Bd2 Qxb5 10. dxc6 Ne7 11. a4 Qxc6 12. Bb4 Qb6 13. Ba3 Bd7 14. O-O Bc6
15. b4 O-O 16. b5 Bxf3 17. Bxf3 Rfe8 18. Qd3 Nd5 19. Bxd5 exd5 20. Rac1 Qe6 21.
Rc7 Rab8 22. Rd1 Be5 23. Rc2 Rbc8 24. Bc5 b6 25. Bxd4 Bxd4 26. Rxc8 Bxf2+ 27.
Kxf2 Qxc8 28. Qxd5 Qc2 29. Rd2 Qxa4 30. Ra2 Qg4 31. Qf3 Qd4+ 32. e3 Qd7 33. g4
Qxb5 34. Rxa7 Qc4 35. Ra8 Rxa8 36. Qxa8+ Kg7 37. Qa1+ Kh6 38. Qf6 Qe6 39. Qd4
f6 40. Qf4+ g5 41. Qb8 Kg7 42. Qc7+ Kg6 43. Qb8 h5 44. h3 h4 45. e4 Qa2+ 46. Ke3
Qb3+ 47. Ke2 Qc4+ 48. Ke3 Qc5+ 49. Ke2 Kf7 50. Qd8 Qc6 51. e5 Qe4+ 52. Kd2 Qg2+
53. Ke1 Qg3+ 54. Kd1 Qf3+ 55. Ke1 Qe3+ 56. Kd1 Qxe5 57. Qxb6 Qd5+ 58. Ke1 Qe6+
59. Qxe6+ Kxe6 60. Ke2 Kd5 61. Kf3 Kd4 62. Kf2 Ke4 63. Ke2 Kd5 64. Kf3 Ke5 65.
Ke3 f5 66. gxf5 Kxf5 67. Kf3 g4+ 68. hxg4+ Kg5 69. Kg2 1/2-1/2

[Event "Druzynowe Mistrzostwa Polski - II liga"]
[Site "Dom Wczasowy VIS Jastrzebia Gora"]
[Date "1899-12-30"]
[Round "4.122"]
[White "Jaworski, Maciej"]
[Black "Grzesik, Norbert"]
[Result "1/2-1/2"]
[WhiteTitle "k+"]
[BlackTitle "I++"]
[WhiteElo "2086"]
[BlackElo "1983"]

1. d4 Nf6 2. Nf3 e6 3. e3 b6 4. Nbd2 Bb7 5. Bd3 d5 6. O-O Be7 7. Qe2 Nbd7 8. e4
dxe4 9. Nxe4 O-O 10. Rd1 Nxe4 11. Bxe4 Bxe4 12. Qxe4 Nf6 13. Qc6 Bd6 14. c4 Qe8
15. Qxe8 Rfxe8 16. h3 Nd7 17. Be3 e5 18. dxe5 Nxe5 19. Nxe5 Bxe5 20. Rd2 1/2-1/2

[Event "Druzynowe Mistrzostwa Polski - II liga"]
[Site "Dom Wczasowy VIS Jastrzebia Gora"]
[Date "1899-12-30"]
[Round "4.123"]
[White "Rymaszewski, Dariusz"]
[Black "Matul, Sebastian"]
[Result "1/2-1/2"]
[WhiteTitle "k"]
[BlackTitle "I"]
[WhiteElo "2050"]
[BlackElo "1773"]

1. e4 e6 2. d4 d5 3. e5 c5 4. c3 Nc6 5. Nf3 Bd7 6. dxc5 Bxc5 7. Bd3 Qc7 8. Qe2
f6 9. Bf4 f5 10. h4 O-O-O 11. Nbd2 Nh6 1/2-1/2

[Event "Druzynowe Mistrzostwa Polski - II liga"]
[Site "Dom Wczasowy VIS Jastrzebia Gora"]
[Date "1899-12-30"]
[Round "4.124"]
[White "Derejczyk, Mateusz"]
[Black "Paprocki, Artur"]
[Result "0-1"]
[WhiteTitle "II+"]
[BlackTitle "I"]
[WhiteElo "1597"]
[BlackElo "1800"]

1. e4 g6 2. d4 Bg7 3. Nf3 c6 4. c4 d6 5. Nc3 Nf6 6. Be2 O-O 7. Bf4 Nh5 8. Be3 e5
9. c5 Nf4 10. Bxf4 exf4 11. cxd6 Qxd6 12. Qd2 Nd7 13. a3 f6 14. Bc4+ Kh8 15. h4
Nb6 16. Be2 Bg4 17. O-O Rad8 18. Rad1 Bxf3 19. gxf3 f5 20. Qc1 Qe7 21. Qxf4 Rxd4
22. Qg3 Rxd1 23. Rxd1 fxe4 24. fxe4 Be5 25. Qg2 Qxh4 26. Rd3 Qf6 27. Rh3 Rd8 28.
Rf3 Qd6 29. Qh3 Qd2 30. Qh4 Bxc3 31. Qf6+ Bxf6 0-1

[Event "Druzynowe Mistrzostwa Polski - II liga"]
[Site "Dom Wczasowy VIS Jastrzebia Gora"]
[Date "1899-12-30"]
[Round "4.125"]
[White "Korosciel, Aneta"]
[Black "Zalucka, Emilia"]
[Result "1-0"]
[WhiteTitle "m"]
[BlackTitle "I++"]
[WhiteElo "1956"]
[BlackElo "1541"]

1. e4 e5 2. Nf3 Nc6 3. Bb5 a6 4. Bxc6 dxc6 5. Nc3 Bd6 6. d4 Bg4 7. dxe5 Bxf3 8.
Qxf3 Bxe5 9. O-O Qh4 10. g3 Qe7 11. Bf4 h5 12. Rad1 Bxf4 13. Qxf4 Nh6 14. Rfe1
O-O 15. e5 Rad8 16. Rxd8 Rxd8 17. Ne4 Ng4 18. Ng5 f6 19. Nf3 Qc5 20. Re2 fxe5
21. Nxe5 Rf8 22. Qc4+ Qxc4 23. Nxc4 Nf6 24. Na5 Rb8 25. Re7 Ne8 26. Re3 c5 27.
Re5 Nf6 28. Rxc5 b6 29. Nc6 Re8 30. Re5 Kf7 31. Kf1 Rxe5 32. Nxe5+ Ke6 33. Nd3
c5 34. Ke2 Kf5 35. h3 Nd5 36. c4 Nf6 37. f3 Nd7 38. g4+ hxg4 39. hxg4+ Kf6 40.
Ke3 b5 41. cxb5 axb5 42. Nf2 Ke6 43. f4 Nb6 44. b3 Nd5+ 45. Kf3 c4 46. bxc4 bxc4
47. Ne4 c3 48. Nc5+ Kd6 49. Nd3 c2 50. Nc1 g6 51. Ke4 Nf6+ 52. Kd3 Nxg4 53. Kxc2
Ne3+ 54. Kd3 Nd5 55. Ke4 Nf6+ 56. Kd4 Nd5 57. Nd3 Ne7 58. a4 Nc6+ 59. Ke4 Ne7
60. Kd4 Nf5+ 61. Kc4 Ne3+ 62. Kb5 Nd5 63. a5 Nc7+ 64. Kb6 Kd7 65. Ne5+ Kd6 66.
Nxg6 Nd5+ 67. Kb7 Nb4 68. a6 Nxa6 69. Kxa6 Ke6 70. Nh4 Kf6 71. Ng2 Kf5 72. Kb5
Kf6 73. Kc5 Ke6 74. Kd4 Kf6 75. Ke4 Ke6 76. Ne3 Kf7 77. Kf5 Ke8 78. Ke6 Kf8 1-0

[Event "Druzynowe Mistrzostwa Polski - II liga"]
[Site "Dom Wczasowy VIS Jastrzebia Gora"]
[Date "1899-12-30"]
[Round "4.126"]
[White "Sopur, Lech"]
[Black "Madej, Jaroslaw"]
[Result "1-0"]
[WhiteTitle "m"]
[BlackTitle "I+"]
[WhiteElo "2411"]
[BlackElo "2029"]

1. Nf3 d5 2. g3 Nf6 3. Bg2 Bf5 4. c4 c6 5. cxd5 cxd5 6. Qb3 Qb6 7. Qxb6 axb6 8.
Nc3 Bd7 9. d3 e6 10. Bf4 Be7 11. e4 Na6 12. O-O Nc5 13. Ne5 dxe4 14. dxe4 Bc6
15. Nxc6 bxc6 16. Rad1 Rc8 17. b4 Ncd7 18. b5 e5 19. Be3 Bc5 20. Bxc5 bxc5 21.
Bh3 Rc7 22. Rd6 cxb5 23. Nxb5 Rb7 24. Rxf6 Rxb5 25. Rc6 Nf8 26. Rc8+ Ke7 27. Rd1
Ng6 28. Rc7+ Kf6 29. Rd6+ Kg5 30. Rxf7 Kh6 31. Rf5 Rb1+ 32. Kg2 1-0

[Event "Druzynowe Mistrzostwa Polski - II liga"]
[Site "Dom Wczasowy VIS Jastrzebia Gora"]
[Date "1899-12-30"]
[Round "4.127"]
[White "Stanek, Piotr"]
[Black "Miturova, Magdalena"]
[Result "1/2-1/2"]
[WhiteTitle "I"]
[BlackTitle "WIM"]
[WhiteElo "2020"]
[BlackElo "2219"]

1. Nf3 Nf6 2. g3 e6 3. Bg2 d5 4. O-O Be7 5. d3 c5 6. c4 Nc6 7. a3 O-O 8. Nc3 b6
9. Rb1 Bb7 10. Qa4 d4 11. Na2 Qc7 12. Bf4 Bd6 13. Bxd6 Qxd6 14. b4 Nd7 15. Nd2
f5 16. Nb3 Nd8 17. bxc5 Nxc5 18. Nxc5 Bxg2 19. Kxg2 Qxc5 20. Nb4 f4 21. Qd7 Rf7
22. Qe8+ Rf8 23. Qd7 Rf7 1/2-1/2

[Event "Druzynowe Mistrzostwa Polski - II liga"]
[Site "Dom Wczasowy VIS Jastrzebia Gora"]
[Date "1899-12-30"]
[Round "4.128"]
[White "Strejczek, Marek"]
[Black "Brylski, Pawel"]
[Result "1-0"]
[WhiteTitle "k"]
[BlackTitle "I+"]
[WhiteElo "2138"]
[BlackElo "1971"]

1. d4 g6 2. c4 Bg7 3. Nc3 c5 4. Nf3 cxd4 5. Nxd4 Nc6 6. e3 Nf6 7. g3 Ne5 8. f4
Neg4 9. h3 Nh6 10. g4 Nhg8 11. Bg2 d6 12. O-O Qc7 13. g5 Nh5 14. Nd5 Qd8 15. Nb5
Kf8 16. c5 a6 17. Nbc7 Rb8 18. cxd6 Qxd6 19. Bd2 Be6 20. Bb4 Qd7 21. Qf3 Bxd5
22. Nxd5 Bxb2 23. Rab1 a5 24. Bxa5 Ba3 25. Bc3 f6 26. Rfd1 Bd6 27. gxf6 Ngxf6
28. Nxf6 Nxf6 29. Bxf6 exf6 30. Rb6 Qa4 31. Rbxd6 Kg7 32. Rd7+ Kh6 33. Qg4 Qb5
34. R1d5 Qb1+ 35. Kh2 Qe1 36. Rh5+ gxh5 37. Qg7# 1-0

[Event "Druzynowe Mistrzostwa Polski - II liga"]
[Site "Dom Wczasowy VIS Jastrzebia Gora"]
[Date "1899-12-30"]
[Round "4.129"]
[White "Deren, Marcin"]
[Black "Flis, Pawel"]
[Result "0-1"]
[WhiteTitle "I"]
[BlackTitle "CM"]
[WhiteElo "1922"]
[BlackElo "1936"]

1. d4 Nf6 2. c4 g6 3. Nc3 Bg7 4. Bf4 c5 5. d5 d6 6. e4 O-O 7. Bd3 a6 8. a4 e6 9.
Nge2 exd5 10. exd5 Nh5 11. Bg3 Nxg3 12. hxg3 Nd7 13. f4 Nf6 14. O-O Ng4 15. Qd2
f5 16. Nd1 Bd7 17. Nf2 Nf6 18. Kh1 Re8 19. Nc3 Nh5 20. Kh2 Bd4 21. Rae1 Qf6 22.
a5 Qg7 23. Nh3 Qh6 24. Rxe8+ Rxe8 25. Re1 Nf6 26. Rxe8+ Bxe8 27. Ne2 Ng4+ 28.
Kh1 Be3 29. Qc3 Bd7 30. Qc2 Qg7 31. Qc3 Qe7 32. Qb3 Bc8 33. Qb6 Bd2 34. Neg1 h6
35. Be2 Nf6 36. Bf3 Ne8 37. Be2 Qc7 38. Bd3 Bxa5 39. Qb3 Nf6 40. Nf2 Be1 41. Ngh3
Qe7 42. Kg1 Qe3 43. Qb6 Qe7 44. Qb3 Kg7 45. Qb6 Bb4 46. Bf1 Ne8 47. Nd3 Bd2 48.
Nhf2 Be3 49. Be2 Qc7 50. Qb3 Nf6 51. Bf3 Bd4 52. Kf1 Bd7 53. Ne1 b5 54. cxb5 axb5
55. Nc2 c4 56. Qb4 Qc5 57. Qe1 Kf7 58. Nd1 Ng4 59. Bxg4 fxg4 60. Qd2 Bg7 61. Nce3
h5 62. Nc3 Qd4 63. Qe2 b4 64. Nc2 Qb6 65. Ne4 c3 66. Ng5+ Kf8 67. bxc3 bxc3 68.
Ne6+ Kg8 69. Nxg7 Bb5 0-1

[Event "Druzynowe Mistrzostwa Polski - II liga"]
[Site "Dom Wczasowy VIS Jastrzebia Gora"]
[Date "1899-12-30"]
[Round "4.130"]
[White "Strzelecki, Jerzy"]
[Black "Sabor, Krzysztof"]
[Result "1/2-1/2"]
[WhiteTitle "k"]
[BlackTitle "I"]
[WhiteElo "1863"]
[BlackElo "1764"]

1. Nf3 d5 2. g3 Nf6 3. Bg2 g6 4. d4 Bg7 5. c4 c6 6. Qc2 O-O 7. O-O Bf5 8. Qb3 Qb6
9. Nc3 Nbd7 10. cxd5 Qxb3 11. axb3 cxd5 1/2-1/2

[Event "Druzynowe Mistrzostwa Polski - II liga"]
[Site "Dom Wczasowy VIS Jastrzebia Gora"]
[Date "1899-12-30"]
[Round "4.131"]
[White "Barczyk-telejko, Joanna"]
[Black "Posuniak, Weronika"]
[Result "0-1"]
[WhiteTitle "I+"]
[BlackTitle "k"]
[WhiteElo "1829"]
[BlackElo "1887"]

1. b3 e5 2. Bb2 Nc6 3. e3 d6 4. d4 exd4 5. exd4 d5 6. Nf3 Bd6 7. Nc3 Nf6 8. Bb5
O-O 9. O-O Bg4 10. Bxc6 bxc6 11. Qd3 Nh5 12. Ne5 Qh4 13. g3 Qh3 14. Nxc6 Nf4 15.
gxf4 Bf3 0-1

[Event "Druzynowe Mistrzostwa Polski - II liga"]
[Site "Dom Wczasowy VIS Jastrzebia Gora"]
[Date "1899-12-30"]
[Round "4.132"]
[White "Gierulski, Kamil"]
[Black "Jakubowski, Jaroslaw"]
[Result "1-0"]
[WhiteTitle "k++"]
[BlackTitle "k"]
[WhiteElo "2247"]
[BlackElo "2103"]

1. d4 d5 2. Nf3 Nf6 3. g3 c6 4. Bg2 Bf5 5. c4 Bxb1 6. Rxb1 e6 7. O-O Nbd7 8. Qd3
Bd6 9. b4 a6 10. a4 dxc4 11. Qxc4 Rc8 12. Re1 O-O 13. e4 Be7 14. Bf4 h6 15. Qd3
Re8 16. Nd2 Bf8 17. Qc2 e5 18. dxe5 Nxe5 19. Bh3 Nd3 20. Re3 Nxf4 21. gxf4 Rc7
22. Kh1 Nh5 23. Rf3 Qh4 24. Rg1 Bxb4 25. e5 Bxd2 26. Qxd2 g6 27. e6 Qf6 28. Qa5
1-0

[Event "Druzynowe Mistrzostwa Polski - II liga"]
[Site "Dom Wczasowy VIS Jastrzebia Gora"]
[Date "1899-12-30"]
[Round "4.133"]
[White "Wloch, Mikolaj"]
[Black "Babiarz, Arkadiusz"]
[Result "0-1"]
[WhiteTitle "I"]
[BlackTitle "I++"]
[WhiteElo "1822"]
[BlackElo "1938"]

1. e4 c5 2. Nf3 e6 3. d4 cxd4 4. Nxd4 a6 5. a4 Nf6 6. Nc3 Bb4 7. Bd3 Nc6 8. Nxc6
dxc6 9. O-O e5 10. h3 O-O 11. Bg5 Be6 12. Ne2 h6 13. Bh4 g5 14. Bg3 Bd6 15. Nc3
Qe7 16. Qe2 Rad8 17. Kh1 Bc8 18. Rae1 Rfe8 19. Nd1 Bb8 20. Ne3 Kg7 21. c3 Rh8
22. Bc2 Rde8 23. Nf5+ Bxf5 24. exf5 Nd5 25. Qh5 Qf6 26. c4 Nb4 27. Bb1 Ba7 28.
Qe2 Bd4 29. f3 c5 30. Be4 Re7 31. Rd1 Rd8 32. Rd2 Nc6 33. Rfd1 Rde8 34. Re1 Na7
35. Bf2 Nc8 36. Bxd4 exd4 37. Qd3 Nd6 38. Rde2 Nxf5 39. Bxf5 Rxe2 40. Rxe2 Rxe2
41. Qxe2 Qxf5 42. Qe7 b6 43. b4 Qe6 44. Qc7 d3 45. Qd8 Qe1+ 0-1

[Event "Druzynowe Mistrzostwa Polski - II liga"]
[Site "Dom Wczasowy VIS Jastrzebia Gora"]
[Date "1899-12-30"]
[Round "4.134"]
[White "Ziemniak, Piotr"]
[Black "Olszewski, Marek"]
[Result "1/2-1/2"]
[WhiteTitle "I+"]
[BlackTitle "k+"]
[WhiteElo "1816"]
[BlackElo "1980"]

1. e4 Nc6 2. Nc3 Nf6 3. g3 e5 4. Bg2 Bc5 5. Na4 Be7 6. Ne2 d5 7. exd5 Nxd5 8. Nac3
Be6 9. d3 Qd7 10. a3 O-O 11. O-O Rad8 12. b4 a6 13. Bb2 f5 14. Nxd5 Bxd5 15. Qe1
Bf6 16. f3 Rfe8 17. Qf2 Qf7 18. Bc3 Ne7 19. Rad1 Bc6 20. Ba1 b6 21. h3 Ba8 22.
Rfe1 Ng6 23. f4 Bxg2 24. Kxg2 e4 25. dxe4 Bxa1 26. Rxa1 Rxe4 27. Ng1 Red4 28.
Nf3 R4d6 29. Re2 h6 30. Rae1 Kh7 31. Qe3 Qd5 32. Qc3 c5 33. bxc5 bxc5 34. Rd2
Qc6 35. Rxd6 Qxd6 36. Re3 Qc6 37. Rd3 Re8 38. Re3 Re4 39. Kf2 Qd5 40. Qd3 Qc6
41. c4 Qe6 42. Nd2 Rxe3 43. Qxe3 Qd6 44. Nb3 Qd1 45. Nxc5 a5 46. Ne6 Qc2+ 47.
Qe2 Qb3 48. c5 Qd5 49. Qa6 Qd2+ 50. Kf1 Ne7 51. Qd6 Nd5 52. Kg1 Qe1+ 53. Kg2 Qe2+
54. Kg1 Ne3 55. Qc6 Qe1+ 56. Kh2 Qf2+ 57. Kh1 Qf1+ 58. Kh2 Qf2+ 59. Kh1 Qf1+ 60.
Kh2 Qe2+ 61. Kh1 Qd1+ 62. Kh2 Nf1+ 63. Kg2 Ne3+ 64. Kh2 Qc2+ 65. Kg1 Qc1+ 66.
Kh2 Qb2+ 67. Kg1 Qxa3 68. Nf8+ Kg8 69. Ng6 Qc1+ 70. Kh2 Qd2+ 71. Kg1 Qe1+ 72.
Kh2 Nf1+ 73. Kg2 Ne3+ 74. Kh2 Nf1+ 75. Kg2 Ne3+ 76. Kh2 Qd2+ 77. Kg1 Qe1+ 78.
Kh2 Qe2+ 79. Kg1 Qe1+ 80. Kh2 1/2-1/2

[Event "Druzynowe Mistrzostwa Polski - II liga"]
[Site "Dom Wczasowy VIS Jastrzebia Gora"]
[Date "1899-12-30"]
[Round "4.135"]
[White "Wisniewski, Jaroslaw"]
[Black "Wasik, Roman"]
[Result "1-0"]
[WhiteTitle "I"]
[BlackTitle "I"]
[WhiteElo "1829"]
[BlackElo "1387"]

1. Nf3 d6 2. d4 g6 3. g3 Bg7 4. Bg2 Nf6 5. O-O O-O 6. c4 Nc6 7. Nc3 Bf5 8. Nh4
Bd7 9. Nf3 Qc8 10. Re1 Bf5 11. a3 Bh3 12. Bh1 h6 13. b4 Ng4 14. Bb2 e5 15. b5
Nxd4 16. Nxd4 exd4 17. Nd5 Re8 18. Bxd4 Ne5 19. f4 c6 20. bxc6 bxc6 21. fxe5 dxe5
22. Be3 cxd5 23. Bxd5 Rd8 24. Qc1 a6 25. Bxh6 Bxh6 26. Qxh6 Rxd5 27. cxd5 Qf5
28. e4 Qd7 29. Rab1 Rc8 30. Rb2 Qg4 31. Qh4 Qd7 32. Qf6 Qa7+ 33. Qb6 Qe7 34. d6
Qg5 35. Qe3 Qxe3+ 36. Rxe3 Rc1+ 37. Kf2 Rf1+ 38. Ke2 Rh1 39. Kd3 Rd1+ 40. Rd2
Bf1+ 41. Kc2 Rxd2+ 42. Kxd2 Kf8 43. Rc3 Ke8 44. Rc7 Bb5 45. Re7+ Kf8 46. Rxe5
f6 47. Re7 Ba4 48. Kc3 Bc6 49. Kd4 Bb5 50. Kc5 Ba4 51. h4 Bb5 52. g4 Be2 53. g5
fxg5 54. hxg5 Bb5 55. e5 Bd3 56. e6 Bb5 57. Rb7 Ba4 58. Kd5 Kg8 59. Ke5 Bc6 60.
Rc7 Bb5 61. Kf6 Ba4 62. d7 1-0

[Event "Druzynowe Mistrzostwa Polski - II liga"]
[Site "Dom Wczasowy VIS Jastrzebia Gora"]
[Date "1899-12-30"]
[Round "4.136"]
[White "Wozniak, Grzegorz"]
[Black "Szybowicz, Piotr"]
[Result "0-1"]
[WhiteTitle "I"]
[BlackTitle "I++"]
[WhiteElo "1579"]
[BlackElo "1904"]

1. d4 Nf6 2. Nf3 c5 3. e3 e6 4. Bd3 d5 5. c3 Ne4 6. Nbd2 f5 7. O-O Nc6 8. Bb5 Bd7
9. Bxc6 Bxc6 10. Nxe4 dxe4 11. Ne5 g6 12. Nxc6 bxc6 13. dxc5 Bxc5 14. b4 Be7 15.
Qa4 Qb6 16. Qb3 Kf7 17. Bb2 Rhd8 18. Rfd1 a5 19. a3 Rd5 20. Rxd5 cxd5 21. Qd1
Bf6 22. Qd2 Rc8 23. Rc1 Rc4 24. g3 Qc7 25. Kf1 h5 26. Kg2 g5 27. Qd1 g4 28. Qa4
axb4 29. axb4 Be7 30. Ra1 h4 31. gxh4 Bxh4 32. Qa8 Be7 33. Qh8 Qc8 34. Qh7+ Ke8
35. Ra7 Rc7 36. Rxc7 Qxc7 37. Qg8+ Kd7 38. Qa8 Bd6 39. h4 gxh3+ 40. Kxh3 Qc4 41.
Qa4+ Ke7 42. Qd1 Qa2 43. Qa1 Qc4 44. Qd1 Be5 45. Qe1 Qc8 46. Kg2 Qg8+ 47. Kf1
Qg4 48. Qe2 Qh3+ 49. Ke1 f4 50. b5 f3 51. Qf1 Qh8 52. Kd2 Qb8 53. Qb1 Qc8 54.
Ba3+ Kf6 55. Qb4 Qc4 56. Qe7+ Kf5 57. Qh7+ Kg4 58. Qg6+ Kh3 59. Qxe6+ Kg2 60.
Qxe5 Qe2+ 61. Kc1 Qe1+ 62. Kc2 Qxf2+ 63. Kb3 Qxe3 64. Bd6 d4 65. Qh2+ Kf1 66.
Qc2 f2 67. Qd1+ Qe1 68. Qxd4 e3 69. Bc5 0-1

[Event "Druzynowe Mistrzostwa Polski - II liga"]
[Site "Dom Wczasowy VIS Jastrzebia Gora"]
[Date "1899-12-30"]
[Round "5.2"]
[White "Czarnota, Pawel"]
[Black "Maciejczak, Jakub"]
[Result "1-0"]
[WhiteTitle "GM"]
[BlackTitle "FM"]
[WhiteElo "2505"]
[BlackElo "2374"]

1. e4 c6 2. d4 d5 3. e5 Bf5 4. Nd2 e6 5. Nb3 Nd7 6. Nf3 h6 7. Be2 Ne7 8. O-O Bh7
9. a4 Ng6 10. a5 a6 11. c4 Be7 12. cxd5 cxd5 13. Ne1 O-O 14. g3 Rc8 15. Be3 Re8
16. Nd3 Ngf8 17. Qd2 Rc4 18. Rfc1 Qb8 19. Ndc5 Rxc1+ 20. Rxc1 Rc8 21. Qb4 Nxc5
22. Nxc5 Bxc5 23. Rxc5 Nd7 24. Rc3 Bg6 25. Bd2 Rxc3 26. Qxc3 f6 27. exf6 Nxf6
28. f3 Qd8 29. Bf4 Qd7 30. Kf2 Kf7 31. b4 Kg8 32. h4 Be8 33. Qc7 Qxc7 34. Bxc7
Bb5 35. Bd1 Kf7 36. Ke3 Nd7 37. h5 Nf6 38. g4 Nd7 39. Bc2 Ke7 40. Kf4 Be2 41.
Ke3 Bb5 42. Bh7 Nf6 43. Bg6 Ba4 44. Be5 Bd1 45. Kf2 Ba4 46. Ke2 Bb5+ 47. Kd2 Ba4
48. Bg3 Bb5 49. Bh4 Kd6 50. Bxf6 gxf6 51. f4 Ke7 52. Ke3 Ba4 53. Kf3 Bd1+ 54.
Kg3 Kf8 55. g5 fxg5 56. fxg5 hxg5 57. h6 Be2 58. Be8 Bd3 59. Bd7 Kf7 60. Bc8 Kg6
61. Bxe6 Bc4 62. Bc8 Kxh6 63. Bxb7 Bb5 64. Bxd5 Kg6 65. Kf3 Kf5 66. Ke3 g4 67.
Be4+ Kg5 68. Bd3 Bxd3 69. Kxd3 Kh4 70. d5 Kg5 71. Ke2 Kf5 72. b5 1-0

[Event "Druzynowe Mistrzostwa Polski - II liga"]
[Site "Dom Wczasowy VIS Jastrzebia Gora"]
[Date "1899-12-30"]
[Round "5.3"]
[White "Malovanyi, Yulian"]
[Black "Turski, Bartlomiej"]
[Result "1/2-1/2"]
[WhiteTitle "FM"]
[BlackTitle "FM"]
[WhiteElo "2310"]
[BlackElo "2380"]

1. e4 c5 2. Nc3 Nc6 3. Nge2 d6 4. g3 e5 5. Bg2 Nge7 6. d3 g6 7. h4 Bg4 8. Be3 Nd4
9. Qd2 Bf3 10. O-O Bxg2 11. Kxg2 Bg7 12. h5 gxh5 13. Rh1 Qd7 14. Rxh5 f5 15. Bg5
f4 16. Bxe7 f3+ 17. Kh1 fxe2 18. Nd5 Qg4 19. Rh2 Nf3 20. Qe3 Nxh2 21. Kxh2 Qh5+
22. Kg2 Bh6 23. Qf3 Qxf3+ 24. Kxf3 Kd7 25. Kxe2 Bg7 26. a4 Rac8 27. b3 Ke6 28.
Rh1 h5 29. f4 Rh6 30. Kf3 Kf7 31. c4 Re8 32. Bg5 Rhh8 33. Nc7 Ref8 34. Nb5 Ke6
35. Nxa7 Bf6 36. f5+ Kd7 37. Bd2 Rfg8 38. Nb5 Bg5 39. Be1 Bd8 40. Nc3 Rg7 41.
Nd5 Rgh7 42. Rh2 Bg5 43. Kg2 Kc6 44. Kh3 b6 45. Rf2 Rf7 46. Rb2 Ra8 47. Bf2 Rb7
48. Nc3 Bc1 49. Rc2 Bg5 50. Ra2 Rba7 51. Ne2 Rb7 52. Ng1 Rh7 53. Nf3 Bf6 54. Rb2
Rg8 55. Be1 Rhg7 56. Rg2 Ra7 57. Bd2 Rh7 58. Ne1 Rhg7 59. Nc2 Bd8 60. Be1 Bg5
61. Bf2 Bh6 62. Be3 Bf4 63. Bf2 Bh6 64. Ne1 Bg5 65. Nf3 Bf6 66. Rg1 Rg4 67. Nh2
R4g7 68. Be3 Rh7 69. Bd2 Rhg7 70. Bh6 Rh7 71. Bc1 Rhg7 72. Bh6 1/2-1/2

[Event "Druzynowe Mistrzostwa Polski - II liga"]
[Site "Dom Wczasowy VIS Jastrzebia Gora"]
[Date "1899-12-30"]
[Round "5.4"]
[White "Kukula, Pawel"]
[Black "Janaszak, Dawid"]
[Result "0-1"]
[WhiteTitle "m"]
[BlackTitle "FM"]
[WhiteElo "2133"]
[BlackElo "2331"]

1. e4 e5 2. Nf3 Nc6 3. Bc4 Nf6 4. d4 exd4 5. e5 d5 6. Bb5 Ne4 7. Nxd4 Bc5 8. Be3
O-O 9. Nxc6 bxc6 10. Bxc5 Nxc5 11. Bxc6 Rb8 12. Qd4 Ne6 13. Qxd5 Qg5 14. O-O Nf4
15. Qe4 Nh3+ 0-1

[Event "Druzynowe Mistrzostwa Polski - II liga"]
[Site "Dom Wczasowy VIS Jastrzebia Gora"]
[Date "1899-12-30"]
[Round "5.5"]
[White "Szyszylo, Rafal"]
[Black "Raczek, Krzysztof"]
[Result "0-1"]
[WhiteTitle "k"]
[BlackTitle "k"]
[WhiteElo "2090"]
[BlackElo "2113"]

1. e4 c5 2. Nf3 e6 3. d4 cxd4 4. Nxd4 a6 5. Bd3 Bc5 6. Nb3 Ba7 7. Qe2 Nc6 8. Be3
Nge7 9. Nc3 O-O 10. O-O d6 11. f4 b5 12. a3 Bb7 13. Rad1 Qc7 14. Bxa7 Rxa7 15.
Qf2 Raa8 16. Be2 Rad8 17. Bf3 Na5 18. Nxa5 Qxa5 19. Qd2 Nc6 20. Qe3 Qc7 21. Be2
Ne7 22. Bf3 Bc6 23. Rf2 a5 24. Rfd2 Rfe8 25. Qf2 Ng6 26. Ne2 e5 27. f5 Nf8 28.
h3 h6 29. g4 Nh7 30. Ng3 Bb7 31. h4 Qe7 32. Qh2 Nf6 33. g5 Nh7 34. f6 gxf6 35.
Nf5 Qc7 36. gxf6 Kh8 37. Rxd6 Rg8+ 38. Kf1 Rxd6 39. Nxd6 b4 40. axb4 Ba6+ 41.
b5 Bxb5+ 42. Ke1 Be8 43. c4 Qb6 44. Qf2 Rg1+ 45. Ke2 Qxb2+ 46. Rd2 Qc1 47. Bg2
Nf8 48. Bf1 Rg6 49. Nxe8 Ne6 50. Kf3 Qc3+ 51. Bd3 Nd4+ 52. Ke3 Ne6 53. Ke2 Nf4+
54. Ke3 Qd4+ 55. Kf3 Qd7 56. Bf1 Qxe8 57. Qb6 Ne6 58. Ke3 Rxf6 59. Bh3 Qg8 60.
Rg2 Qf8 61. Bxe6 Qa3+ 62. Kd2 Qa2+ 63. Ke1 Qxg2 64. Qd8+ Kg7 65. Bf5 a4 66. Qa5
Qg3+ 67. Ke2 a3 68. c5 Qh2+ 69. Kd3 Qb2 70. Qc3 Qxc3+ 71. Kxc3 Ra6 72. c6 a2 0-1

[Event "Druzynowe Mistrzostwa Polski - II liga"]
[Site "Dom Wczasowy VIS Jastrzebia Gora"]
[Date "1899-12-30"]
[Round "5.6"]
[White "Majdan, Joanna"]
[Black "Czerwinska, Milena"]
[Result "1-0"]
[WhiteTitle "WGM"]
[BlackTitle "WFM"]
[WhiteElo "2307"]
[BlackElo "1972"]

1. e4 c5 2. Nf3 d6 3. d4 cxd4 4. Nxd4 Nf6 5. Nc3 a6 6. Bc4 e6 7. Bb3 Qc7 8. f4
Nc6 9. Nxc6 Qxc6 10. Qe2 Bd7 11. g4 O-O-O 12. g5 Ne8 13. Be3 f5 14. O-O-O fxe4
15. f5 d5 16. Na4 b5 17. Nb6+ Kb8 18. Nxd7+ Rxd7 19. fxe6 Qxe6 20. Qd2 Nc7 21.
Qd4 Qc6 22. h4 Be7 23. Qxg7 Rhd8 24. Qd4 Bf8 25. Rhf1 Bg7 26. Qb6+ Qxb6 27. Bxb6
d4 28. h5 e3 29. Rf7 Kb7 30. Ba5 Rxf7 31. Bxf7 Rd7 32. g6 hxg6 33. hxg6 Nd5 34.
Rh1 Nf6 35. Kd1 Re7 36. Ke2 Kc8 37. Rh4 Re4 38. Rh2 Kd7 39. c3 dxc3 40. bxc3 Ke7
41. Bb4+ Kd7 42. Rh1 Re5 43. Rd1+ Kc8 44. Rd3 Ne4 45. Ba5 Kb7 46. Bd5+ Kb8 47.
Bxe4 Rxe4 48. Rd8+ 1-0

[Event "Druzynowe Mistrzostwa Polski - II liga"]
[Site "Dom Wczasowy VIS Jastrzebia Gora"]
[Date "1899-12-30"]
[Round "5.7"]
[White "Marczuk, Dominik"]
[Black "Sapis, Witalis"]
[Result "1/2-1/2"]
[WhiteTitle "FM"]
[BlackTitle "IM"]
[WhiteElo "2281"]
[BlackElo "2378"]

1. c4 c6 2. d4 d5 3. cxd5 cxd5 4. Nc3 Nf6 5. Bf4 Nc6 6. e3 a6 7. Bd3 Bg4 8. Nge2
e6 9. O-O Be7 10. Rc1 Bh5 11. a3 Bg6 12. h3 Ng8 1/2-1/2

[Event "Druzynowe Mistrzostwa Polski - II liga"]
[Site "Dom Wczasowy VIS Jastrzebia Gora"]
[Date "1899-12-30"]
[Round "5.8"]
[White "Karwowski, Kacper"]
[Black "Chmiel, Marcin"]
[Result "1/2-1/2"]
[WhiteTitle "CM"]
[BlackTitle "k+"]
[WhiteElo "2216"]
[BlackElo "2188"]

1. e4 e5 2. Nf3 Nc6 3. d4 exd4 4. Nxd4 Nf6 5. Nc3 Bb4 6. Nxc6 bxc6 7. Bd3 O-O 8.
O-O d5 9. exd5 Bg4 10. f3 Bh5 11. dxc6 Qd4+ 12. Kh1 Bxc3 1/2-1/2

[Event "Druzynowe Mistrzostwa Polski - II liga"]
[Site "Dom Wczasowy VIS Jastrzebia Gora"]
[Date "1899-12-30"]
[Round "5.9"]
[White "Gbyl, Andrzej"]
[Black "Rudnicki, Milosz"]
[Result "0-1"]
[WhiteTitle "k+"]
[BlackTitle "k"]
[WhiteElo "2144"]
[BlackElo "2200"]

1. d4 d5 2. c4 c6 3. Nc3 Nf6 4. Nf3 e6 5. Bg5 Nbd7 6. cxd5 exd5 7. e3 Be7 8. Qc2
h6 9. Bh4 O-O 10. Bd3 Re8 11. Bg3 Bb4 12. O-O Qe7 13. Bh4 Qd6 14. a3 Bxc3 15.
bxc3 c5 16. c4 b6 17. Bg3 Qc6 18. cxd5 Qxd5 19. Bc4 Qh5 20. Ne5 Nxe5 21. dxe5
Bf5 22. Qa4 Ne4 23. Bb5 Nc3 24. Qb3 Nxb5 25. Qxb5 Red8 26. Qa4 Bd3 27. Rfc1 c4
28. Qb4 Qg6 29. a4 Qc6 30. Bh4 Rd5 31. Qc3 Rc8 32. a5 b5 33. Be7 Be4 34. f3 Rd3
35. Qe1 Bd5 36. Bb4 Qg6 37. e4 Be6 38. Qe2 Qg5 39. Bc3 a6 40. Rab1 Rcd8 41. g3
Qe3+ 42. Qxe3 Rxe3 43. f4 Rdd3 44. Bb4 Rxe4 0-1